00327nam a2200097Ia 4500008004100000245008000041245003700121260000900158650001400167856004800181171211s9999 xx 000 0 und d aTheory and Practice of Quality and Reliability Engineering in Asia Industry cCher Ming Tan and Thong Ngee Goh c2017 xECONOMICS uhttp://down.ebook777.com/063/9811032882.pdf